000 00403nam a2200157Ia 4500
008 160316s1999 xxu||||| |||| 00| 0 eng d
082 _a345.080000
_bSOU
100 _a
245 _aJuvenile justice
250 _a
260 _aSouth Africa
_bSouth African Law Commission
_c1999
300 _a447
_b
_c
365 _b
650 _a1. juvenile justice 2. South African law commission
700 _a
_a
999 _c34180
_d34180